|
|
|
|
| LEADER |
00000nam0a2200000 4500 |
| 001 |
151284 |
| 005 |
20231031150610.0 |
| 010 |
|
|
|a 9785948799667
|
| 035 |
|
|
|a (RuTPU)RU\TPU\book\164025
|
| 090 |
|
|
|a 151284
|
| 100 |
|
|
|a 20090121d2008 km y0rusy50 ca
|
| 101 |
0 |
|
|a rus
|
| 102 |
|
|
|a RU
|
| 105 |
|
|
|a y n 000zy
|
| 200 |
1 |
|
|a Жилищный кодекс Российской Федерации. Последняя редакция
|
| 210 |
|
|
|a Москва
|c Юрайт
|d 2008
|
| 215 |
|
|
|a 111 с.
|
| 225 |
1 |
|
|a Правовая библиотека
|
| 333 |
|
|
|a Исключено из фонда НТБ ТПУ
|
| 801 |
|
1 |
|a RU
|b 63413507
|c 20090121
|g PSBO
|
| 801 |
|
2 |
|a RU
|b 63413507
|c 20210124
|g PSBO
|
| 942 |
|
|
|c BK
|
| 959 |
|
|
|a 9/20090119
|d 1
|e 15,90
|f ЧЗСБО:1
|